Avian Species As Indicator Of Urban Development in Digos City (Record no. 6363)
[ view plain ]
| 000 -LEADER | |
|---|---|
| fixed length control field | 00621nam a22001577a 4500 |
| 008 - FIXED-LENGTH DATA ELEMENTS--GENERAL INFORMATION | |
| fixed length control field | 170308b xxu||||| |||| 00| 0 eng d |
| 082 ## - DEWEY DECIMAL CLASSIFICATION NUMBER | |
| Edition number | 2016 |
| Classification number | UT 0723 |
| Item number | M27 |
| 100 ## - MAIN ENTRY--PERSONAL NAME | |
| 9 (RLIN) | 19133 |
| Personal name | Magdadaro, Eileen Claire N. |
| 245 ## - TITLE STATEMENT | |
| Title | Avian Species As Indicator Of Urban Development in Digos City |
| Statement of responsibility, etc. | Eileen Claire N. Magdadaro, Sheena Mae N. Roxas and Elika Faye M. Alfonso. |
| 300 ## - PHYSICAL DESCRIPTION | |
| Extent | 83 pages; |
| Other physical details | 28 cm. |
| 650 #0 - SUBJECT ADDED ENTRY--TOPICAL TERM | |
| 9 (RLIN) | 19134 |
| Topical term or geographic name as entry element | Education |
| Form subdivision | Biological Science |
| General subdivision | Undergraduate Thesis. |
| 700 ## - ADDED ENTRY--PERSONAL NAME | |
| 9 (RLIN) | 19135 |
| Personal name | Magdadaro, Eileen Claire N. |
| 700 ## - ADDED ENTRY--PERSONAL NAME | |
| 9 (RLIN) | 19136 |
| Personal name | Roxas, Sheena Mae N. |
| 700 ## - ADDED ENTRY--PERSONAL NAME | |
| 9 (RLIN) | 19137 |
| Personal name | Alfonso, Elika Faye M. |
| 942 ## - ADDED ENTRY ELEMENTS (KOHA) | |
| Source of classification or shelving scheme | Dewey Decimal Classification |
| Koha item type | Undergraduate Thesis |
| Withdrawn status | Lost status | Source of classification or shelving scheme | Damaged status | Not for loan | Home library | Current library | Date acquired | Total Checkouts | Full call number | Barcode | Date last seen | Price effective from | Koha item type |
|---|---|---|---|---|---|---|---|---|---|---|---|---|---|
| Dewey Decimal Classification | UM Digos College - LIC | UM Digos College - LIC | 11/07/2016 | UT 0723 M27 2016 | UT0723 | 03/08/2017 | 03/08/2017 | Undergraduate Thesis |
